| 000 | 00733nam a2200241 a 4500 | ||
|---|---|---|---|
| 001 | BRCA_5972 | ||
| 005 | 20190320205300.0 | ||
| 008 | 250311s1960----nyua######---#000-0#eng-# | ||
| 041 | _aeng | ||
| 044 | _anyu | ||
| 050 | 4 |
_aNK7149 _b.D46 1 1960 |
|
| 100 | 1 |
_aDennis, Faith _915079 |
|
| 245 | 1 | 0 |
_aThree centuries of French domestic silver _bits makers and its marks _cFaith Dennis. |
| 260 |
_aNueva York _bMetropolitan Museum of Art _c1960 |
||
| 300 |
_a2 v. _bil., 1,170 láminas _c29 cm. |
||
| 500 | _aEjemplar igual a Y198 | ||
| 500 | _aG95 | ||
| 504 | _aBibliografía: p. 189-201 (v.2) | ||
| 650 | 1 | 4 |
_aPlatería francesa _915001 |
| 710 | 2 |
_aMetropolitan Museum of Art (Nueva York) _97537 |
|
| 902 | _aGFM | ||
| 942 |
_2lcc _cB |
||
| 999 |
_c5661 _d5661 |
||